000
00255nam a2200121 a 4500
005
20141022142006.0
008
080922s19uu xx 00 eng d
050
_a
VCD
_b
S1 2002
245
_a
Signs.
650
_a
VCD.
650
_a
Signs.
942
_c
AVM
999
_c
276485
_d
276485